000 00424cam a22001337a 4500
008 180718b xxu||||| |||| 00| 0 eng d
082 _aF5x5415 B293
100 _aBasnet, Bans Bahadur
245 _aComment on Gopal Gurung's book: hidden facts in Nepalese politics
_cby Bans Bahadur Basnet
260 _aTadong
_bBaba Offset Press
_c
300 _a167p.
650 _aNepal - Politics and government
650 _aNepal - Politics
999 _c493553
_d493553